Quran for Astronomy and Earth Exploration from Space (Record no. 17143)

MARC details
000 -LEADER
fixed length control field 00672nam a2200253 a 4500
020 ## - INTERNATIONAL STANDARD BOOK NUMBER
ISBN 8187570
082 00 - DEWEY DECIMAL CLASSIFICATION NUMBER
Classification number 500.80297
Author Cutter HUS6
100 ## - MAIN ENTRY--AUTHOR NAME
Author name Husaini, S Waqar Ahmed
245 ## - TITLE STATEMENT
Title Quran for Astronomy and Earth Exploration from Space
250 ## - EDITION STATEMENT
Edition statement 50th ed.
260 ## - PUBLICATION, DISTRIBUTION, ETC. (IMPRINT)
Place of publication Delhi
Name of publisher Goodword Books
Year of publication 1994
300 ## - PHYSICAL DESCRIPTION
Number of Pages 219p
500 ## - GENERAL NOTE
General note includes index and biblioraphy
505 2# - FORMATTED CONTENTS NOTE
Formatted contents note Index, Quranic Verses
650 ## - SUBJECT ADDED ENTRY--TOPICAL TERM
Topical Term Quran and Science
942 ## - ADDED ENTRY ELEMENTS (KOHA)
Koha item type Books
700 1# -
-- Husaini, S Waqar Ahmed
Holdings
Collection code Home library Current library Date acquired Cost, normal purchase price Full call number Accession Number Koha item type
  Henry Martyn Institute Library Henry Martyn Institute Library 12/09/2011 350.00 500.80297 HUS6 020588 Books
                   Copyright © 2026 | Henry Martyn Institute | Hyderabad | TS-500052 | INDIA | Implemented by hmi.edu.in
Hit-Count:

Powered by Koha